000
00312 a2200133 4500
001
156030
040
_c
Escola São Tomás de Aquino
100
_a
PONTES, Hidelbrando
240
1
0
_a
7 Conchas sete cores
_l
por
245
1
0
_a
7 Conchas sete cores
362
0
_a
2014
697
_a
*LITERATURA JUVENIL
942
_c
BK
999
_c
156030
_d
156030